Top 50 All-time scorers - Statistics

General Stats
  • This quiz has been taken 29 times
  • The average score is 18 of 50
Answer Stats
Hint Answer % Correct
Portugal Cristiano Ronaldo
100%
Argentina Lionel Messi
100%
Brazil Pelé
100%
Germany Gerd Müller
96%
Hungary/Spain Ferenc Puskás
89%
Poland Robert Lewandowski
89%
Uruguay Luis Suárez
82%
Sweden Zlatan Ibrahimović
79%
Argentina/Spain Alfredo Di Stéfano
75%
Portugal Eusébio
71%
Brazil Neymar Jr
64%
Brazil Romário
64%
Netherlands Robin van Persie
54%
Mexico Hugo Sánchez
50%
Cameroon Samuel Eto’o
50%
Uruguay Edinson Cavani
46%
Scotland Kenny Dalglish
46%
France Thierry Henry
46%
England Harry Kane
43%
Brazil Zico
43%
Spain Raúl González
39%
Spain David Villa
36%
Argentina Sergio Agüero
36%
Austria/Czech Josef Bican
32%
France Karim Benzema
32%
England Wayne Rooney
32%
Iran Ali Daei
29%
Hungary Sándor Kocsis
25%
Germany Uwe Seeler
21%
Brazil Roberto Dinamite
18%
Northern Ireland Jimmy Jones
14%
Scotland Jimmy McGrory
14%
Czech Republic Pavel Nedvěd
14%
Netherlands Abe Lenstra
11%
Portugal Fernando Peyroteo
11%
Northern Ireland Glenn Ferguson
11%
Hungary György Sárosi
11%
Hungary Imre Schlosser
11%
Brazil Tulio Maravilha
11%
Argentina Carlos Bianchi
7%
Argentina / France Delio Onnis
7%
Austria/Germany Franz Binder
7%
Northern Ireland Joe Bambrick
7%
India Sunil Chhetri
7%
Uruguay Fernando Morena
4%
Malaysia Abdul Ghani Minhat
0%
Spain Isidro Lángara
0%
Hungary Lajos Tichy
0%
Malaysia Mokhtar Dahari
0%
Mexico Rafael Márquez
0%
No matching quizzes found
Score Distribution
Percent of People with Each Score
Percentile by Number Answered
Your Score History
You have not taken this quiz